[Event "South Wales International Open"]
[Site "Bridgend"]
[Date "2022.07.10"]
[Round "6.6"]
[White "Brown, Thomas"]
[Black "Hurn, Robert Aj"]
[Result "1-0"]
[WhiteElo "2194"]
[BlackElo "1605"]
[PlyCount "57"]
[EventDate "2022.07.07"]
[EventRounds "9"]
[EventCountry "WLS"]

1. d4 Nf6 2. Nf3 d5 3. c3 g6 4. Bf4 Bg7 5. h3 O-O 6. Nbd2 Nbd7 7. e3 b6 8. Be2
Bb7 9. a4 a5 10. O-O Re8 11. Rc1 Rc8 12. b4 Ne4 13. b5 e5 14. Bh2 c5 15. bxc6
Rxc6 16. Nxe4 dxe4 17. Nxe5 Rxe5 18. dxe5 Rc5 19. e6 fxe6 20. Bg4 Qe8 21. Qb3
Bd5 22. c4 Bc6 23. Rfd1 Be5 24. Bxe5 Rxe5 25. Rd6 Nf8 26. Qxb6 Bxa4 27. Qd4 Rg5
28. Qf6 Rc5 29. Rd8 1-0

[Event "South Wales International Open"]
[Site "Bridgend"]
[Date "2022.07.10"]
[Round "6.7"]
[White "Rathbone-Jones, Ifan"]
[Black "Bullen, Alex"]
[Result "1/2-1/2"]
[WhiteElo "1936"]
[BlackElo "2106"]
[PlyCount "55"]
[EventDate "2022.07.07"]
[EventRounds "9"]
[EventCountry "WLS"]

1. d4 d5 2. Nf3 Nf6 3. g3 e6 4. c4 Be7 5. Bg2 O-O 6. O-O dxc4 7. Qc2 a6 8. a4
Bd7 9. Rd1 Bc6 10. Nc3 Bxf3 11. Bxf3 Nc6 12. Bxc6 bxc6 13. a5 Qb8 14. Bg5 Qb3
15. Qxb3 cxb3 16. Rac1 Rfd8 17. Na4 Rd5 18. Bxf6 Bxf6 19. Rxc6 Rxa5 20. Nc5 Ra2
21. Rd2 Ra1+ 22. Kg2 Rc1 23. Rxc7 g6 24. Nxe6 Rc8 25. Rxc8+ Rxc8 26. Nc5 Bxd4
27. Nxb3 Bg7 28. Na5 1/2-1/2

[Event "South Wales International Open"]
[Site "Bridgend"]
[Date "2022.07.10"]
[Round "6.8"]
[White "Waddington, Mike P"]
[Black "Ralphs, Nigel"]
[Result "1-0"]
[WhiteElo "2071"]
[BlackElo "1964"]
[PlyCount "57"]
[EventDate "2022.07.07"]
[EventRounds "9"]
[EventCountry "WLS"]

1. Nc3 Nf6 2. e4 e5 3. g3 d5 4. exd5 Nxd5 5. Bg2 Nxc3 6. bxc3 Bc5 7. Ne2 Nc6 8.
O-O O-O 9. d3 Be6 10. Be3 Bd5 11. Bxd5 Qxd5 12. c4 Qd6 13. Nc3 Bd4 14. Nb5 Qd7
15. Rb1 b6 16. Qf3 a6 17. Nxd4 Nxd4 18. Bxd4 exd4 19. Rfe1 Rae8 20. Qb7 a5 21.
Rxe8 Rxe8 22. Rxb6 Re2 23. Qa8+ Re8 24. Rb8 Kf8 25. Rxe8+ Qxe8 26. Qxa5 Qd7 27.
Qb5 Ke7 28. a4 Qxb5 29. axb5 1-0

[Event "South Wales International Open"]
[Site "Bridgend"]
[Date "2022.07.10"]
[Round "6.9"]
[White "Robinson, David"]
[Black "Menadue, Jeremy F S"]
[Result "0-1"]
[WhiteElo "1857"]
[BlackElo "1989"]
[PlyCount "60"]
[EventDate "2022.07.07"]
[EventRounds "9"]
[EventCountry "WLS"]

1. d4 Nf6 2. Nf3 d5 3. Bf4 c6 4. c3 Bg4 5. Nbd2 Nbd7 6. e3 Qb6 7. Qb3 Nh5 8.
Bd3 Nxf4 9. exf4 g6 10. Qc2 Bg7 11. O-O c5 12. Ne5 Nxe5 13. dxc5 Qxc5 14. fxe5
Bxe5 15. h3 Bd7 16. Nf3 Bf6 17. Rfe1 Qd6 18. h4 Qf4 19. Re3 Ba4 20. Qe2 O-O 21.
Re1 e6 22. h5 Kg7 23. Ne5 Bxe5 24. Rxe5 Bd7 25. Re3 a6 26. Rg3 f5 27. Rf3 Qd6
28. Rg3 Rae8 29. hxg6 hxg6 30. Qh5 Qxg3 0-1

[Event "South Wales International Open"]
[Site "Bridgend"]
[Date "2022.07.10"]
[Round "6.10"]
[White "De Coverly, Roger D"]
[Black "Spanton, Tim R"]
[Result "1/2-1/2"]
[WhiteElo "1914"]
[BlackElo "1889"]
[PlyCount "106"]
[EventDate "2022.07.07"]
[EventRounds "9"]
[EventCountry "WLS"]

1. d4 d5 2. c4 e6 3. Nc3 Nf6 4. Bg5 c5 5. cxd5 cxd4 6. Qa4+ Qd7 7. Qxd4 Nc6 8.
Qd1 Nxd5 9. Nxd5 Qxd5 10. Qxd5 exd5 11. O-O-O Be6 12. e3 Rc8 13. Bb5 Be7 14.
Bxe7 Kxe7 15. Bxc6 Rxc6+ 16. Kb1 Rhc8 17. Ne2 Rc2 18. Rhe1 Bf5 19. Ka1 Be6 20.
f3 g5 21. g4 h6 22. Kb1 R2c4 23. a3 a5 24. Nd4 Rb8 25. Rc1 Rbc8 26. b3 Rxc1+
27. Rxc1 Rxc1+ 28. Kxc1 Kd6 29. Kd2 Ke5 30. Kc3 Bd7 31. a4 b6 32. h3 f6 33. Ne2
b5 34. axb5 Bxb5 35. Nd4 Bd7 36. Kd3 Kd6 37. f4 Kc5 38. Kc3 Bc8 39. fxg5 hxg5
40. Kd2 Bd7 41. Kc3 Bc8 42. Kd2 Ba6 43. Ke1 Bd3 44. Kf2 Kd6 45. Kg3 Bg6 46. h4
gxh4+ 47. Kxh4 Ke5 48. Kg3 Ke4 49. Kf2 Be8 50. Ne6 Kd3 51. Kf3 Kc3 52. Nd4 Bg6
53. Nc6 Kxb3 1/2-1/2

[Event "South Wales International Open"]
[Site "Bridgend"]
[Date "2022.07.10"]
[Round "6.11"]
[White "Fowler, Hugo"]
[Black "Van Kemenade, Rudy"]
[Result "1-0"]
[WhiteElo "1873"]
[BlackElo "1921"]
[PlyCount "99"]
[EventDate "2022.07.07"]
[EventRounds "9"]
[EventCountry "WLS"]

1. e4 e5 2. Nf3 Nf6 3. Nxe5 d6 4. Nf3 Nxe4 5. d3 Nf6 6. d4 Be7 7. Bd3 O-O 8. h3
c5 9. O-O Nc6 10. Nc3 a6 11. a3 d5 12. dxc5 Bxc5 13. Re1 Be6 14. Bf4 h6 15. Qd2
Nd4 16. Nxd4 Bxd4 17. Bxh6 Bxc3 18. bxc3 Ne4 19. Bxe4 dxe4 20. Qg5 Qxg5 21.
Bxg5 Bd5 22. Rad1 Bc6 23. Rd4 f6 24. Bf4 Rfe8 25. h4 Kf7 26. g3 Rg8 27. Be3
Rae8 28. Kf1 Re5 29. Ke2 Ra5 30. Ra1 Rc8 31. Kd2 Ke6 32. Rc4 b5 33. Rb4 Rb8 34.
Bd4 Kd5 35. Ke3 Rb7 36. Ra2 Ra4 37. Ra1 a5 38. Rb3 b4 39. cxb4 axb4 40. axb4
Raxb4 41. Ra5+ R4b5 42. Raxb5+ Rxb5 43. Ra3 Rb7 44. c3 Rb1 45. Kf4 Rb7 46. Ra5+
Rb5 47. Ra7 Rb7 48. Rxb7 Bxb7 49. Kf5 Bc8+ 50. Kg6 1-0

[Event "South Wales International Open"]
[Site "Bridgend"]
[Date "2022.07.10"]
[Round "6.12"]
[White "Gibbs, Dominic V"]
[Black "Fathallah, Joe"]
[Result "1/2-1/2"]
[WhiteElo "1873"]
[BlackElo "1912"]
[PlyCount "136"]
[EventDate "2022.07.07"]
[EventRounds "9"]
[EventCountry "WLS"]

1. e4 e6 2. d3 d5 3. Nd2 Nf6 4. Ngf3 c5 5. g3 Nc6 6. Bg2 Be7 7. O-O O-O 8. Re1
a5 9. a4 Ra6 10. c3 Qc7 11. e5 Nd7 12. Qe2 f6 13. exf6 Nxf6 14. Nb1 Bd7 15. Bh3
e5 16. Bg2 e4 17. dxe4 Nxe4 18. Nbd2 Bf5 19. Nxe4 Bxe4 20. Ng5 Ne5 21. Bxe4
dxe4 22. Qxe4 Bxg5 23. Qxe5 Qf7 24. Be3 Bxe3 25. Qxe3 Rf6 26. Re2 b6 27. Rf1
Qb3 28. Qe4 Qf7 29. Kg2 Qh5 30. Rd2 Kh8 31. Rd5 Qf7 32. f4 Re6 33. Qd3 Qe8 34.
b3 Qc6 35. c4 Rfe8 36. Rf2 Re3 37. Qc2 Re1 38. Rfd2 Qf6 39. Rf2 Qa1 40. Qb2
Qxb2 41. Rxb2 Kg8 42. Rd6 R8e6 43. Rbd2 Kf7 44. Rxe6 Kxe6 45. Rd3 Re2+ 46. Kh3
h5 47. Kh4 Rxh2+ 48. Kg5 Rh3 49. Re3+ Kf7 50. Rd3 Ke6 51. f5+ Ke5 52. Re3+ Kd4
53. Kf4 Rh1 54. Re6 Rf1+ 55. Kg5 Rf3 56. Rxb6 Rxg3+ 57. Kxh5 Ke5 58. Kh4 Rf3
59. Rc6 Kxf5 60. Rxc5+ Ke4 61. Rb5 Rc3 62. Kh5 Rh3+ 63. Kg4 Rc3 64. Rb7 Ke5 65.
Rxg7 Rxb3 66. Rg5+ Kd4 67. Rxa5 Kxc4 68. Ra8 Ra3 1/2-1/2

[Event "South Wales International Open"]
[Site "Bridgend"]
[Date "2022.07.10"]
[Round "6.13"]
[White "Jukes, Sam"]
[Black "Gawne, Martin"]
[Result "1-0"]
[WhiteElo "1906"]
[BlackElo "1724"]
[PlyCount "75"]
[EventDate "2022.07.07"]
[EventRounds "9"]
[EventCountry "WLS"]

1. e4 d6 2. d4 Nf6 3. Nc3 e5 4. dxe5 dxe5 5. Qxd8+ Kxd8 6. Bg5 Be6 7. O-O-O+
Nbd7 8. Nf3 Kc8 9. h3 Bc5 10. Bh4 a6 11. Ng5 b5 12. Nxe6 fxe6 13. f3 Kd8 14.
Kb1 Ke7 15. Ne2 Be3 16. Nc1 g5 17. Be1 Rad8 18. Ba5 Bb6 19. Bxb6 Nxb6 20. Be2
Rxd1 21. Rxd1 Rd8 22. Rxd8 Kxd8 23. Nd3 Nbd7 24. Nb4 Nb8 25. c4 c5 26. Nd3 Nbd7
27. cxb5 axb5 28. Nc1 b4 29. Nb3 Kc7 30. Bc4 Kd6 31. Na5 Ke7 32. Kc2 h5 33. Kb3
g4 34. hxg4 hxg4 35. Nc6+ Kd6 36. Nd8 gxf3 37. gxf3 Nf8 38. Nf7+ 1-0

[Event "South Wales International Open"]
[Site "Bridgend"]
[Date "2022.07.10"]
[Round "6.14"]
[White "Hughes, Anthony"]
[Black "Harding, Gareth"]
[Result "1-0"]
[WhiteElo "1865"]
[BlackElo "1808"]
[PlyCount "81"]
[EventDate "2022.07.07"]
[EventRounds "9"]
[EventCountry "WLS"]

1. c4 e5 2. Nc3 Nc6 3. g3 f5 4. Bg2 Nf6 5. d3 Bb4 6. Bd2 O-O 7. a3 Bxc3 8. Bxc3
a5 9. e3 d6 10. Ne2 Qe8 11. Qd2 Bd7 12. O-O Qh5 13. f4 Rae8 14. b4 axb4 15.
axb4 e4 16. d4 Ne7 17. d5 b5 18. Ra7 Rc8 19. Bxf6 Rxf6 20. c5 Kh8 21. c6 Bxc6
22. dxc6 Nxc6 23. Ra2 Qf7 24. Rfa1 Qc4 25. Ra8 Rff8 26. Rxc8 Rxc8 27. Nd4 Nxd4
28. Qxd4 Qxd4 29. exd4 Kg8 30. Bf1 c5 31. dxc5 dxc5 32. bxc5 Rxc5 33. Ra5 Kf7
34. Rxb5 Rxb5 35. Bxb5 Ke6 36. Kf2 Ke7 37. Ke3 h5 38. h4 Kf6 39. Kd4 Ke7 40.
Ke5 g6 41. Bc4 1-0

[Event "South Wales International Open"]
[Site "Bridgend"]
[Date "2022.07.10"]
[Round "6.15"]
[White "Skettos, Nicolas"]
[Black "Fowler, Caspian"]
[Result "1-0"]
[WhiteElo "1972"]
[BlackElo "1483"]
[PlyCount "61"]
[EventDate "2022.07.07"]
[EventRounds "9"]
[EventCountry "WLS"]

1. e4 e5 2. Nf3 Nc6 3. d4 exd4 4. Nxd4 Bc5 5. Nb3 Bb6 6. Nc3 Nf6 7. Qe2 d6 8.
Bg5 h6 9. Bh4 g5 10. Bg3 Qe7 11. O-O-O Bd7 12. f3 Ne5 13. Qd2 O-O-O 14. Kb1 Be6
15. Bd3 c5 16. Bxe5 dxe5 17. Qe2 Nh5 18. g3 Ng7 19. Bc4 Rxd1+ 20. Rxd1 Rd8 21.
Nd5 Bxd5 22. Bxd5 Qf6 23. a4 a6 24. Qc4 Ne6 25. Rd3 Kb8 26. Rc3 Rc8 27. Rd3 Nd4
28. Nxd4 cxd4 29. Qb4 Rc5 30. Rb3 Ka7 31. Qxc5 1-0

[Event "South Wales International Open"]
[Site "Bridgend"]
[Date "2022.07.10"]
[Round "6.16"]
[White "Bridges, Paul"]
[Black "Westcott, Dale"]
[Result "1/2-1/2"]
[WhiteElo "1754"]
[BlackElo "1250"]
[PlyCount "55"]
[EventDate "2022.07.07"]
[EventRounds "9"]
[EventCountry "WLS"]

1. e4 c6 2. d4 d5 3. e5 c5 4. c3 Nc6 5. Nf3 cxd4 6. cxd4 Bg4 7. Be2 e6 8. O-O
Qb6 9. Nbd2 Nge7 10. h3 Bxf3 11. Nxf3 Nf5 12. Be3 Nxe3 13. fxe3 Be7 14. Rb1 O-O
15. Kh1 Rac8 16. a3 Na5 17. Bd3 Nc4 18. Qe2 h6 19. Rg1 Qd8 20. g4 Bg5 21. Nxg5
Qxg5 22. Rge1 Qh4 23. Kg2 f6 24. exf6 Rxf6 25. Rf1 Qg5 26. Bxc4 Rxc4 27. Rxf6
Qxf6 28. Qd3 1/2-1/2

[Event "South Wales International Open"]
[Site "Bridgend"]
[Date "2022.07.10"]
[Round "6.17"]
[White "Dixon, Chris"]
[Black "Sainbayar, Anuurai"]
[Result "1-0"]
[WhiteElo "1696"]
[BlackElo "1512"]
[PlyCount "73"]
[EventDate "2022.07.07"]
[EventRounds "9"]
[EventCountry "WLS"]

1. e4 e6 2. d4 a6 3. Nf3 b5 4. Bd3 Bb7 5. O-O c5 6. c3 Nf6 7. Nbd2 cxd4 8. cxd4
Qb6 9. Qe2 Be7 10. e5 Nd5 11. Ne4 O-O 12. Be3 h6 13. Rac1 f5 14. exf6 Nxf6 15.
d5 Qd8 16. Nxf6+ Bxf6 17. dxe6 Bxf3 18. Qxf3 Nc6 19. Qf5 Re8 20. exd7 Re5 21.
Qh7+ Kf8 22. Qh8+ Kf7 23. Qxd8 Nxd8 24. Rc8 Rxe3 25. fxe3 Ra7 26. Rxd8 Ke7 27.
Rc8 Rxd7 28. Bg6 Rd6 29. Rfc1 Rd2 30. R1c7+ Kd6 31. Rc6+ Kd7 32. Bf5+ Ke7 33.
Rxa6 Bg5 34. Rc3 Rxb2 35. Rd3 Rb1+ 36. Kf2 Rb2+ 37. Kf3 1-0

[Event "South Wales International Open"]
[Site "Bridgend"]
[Date "2022.07.10"]
[Round "6.19"]
[White "Arkell, Keith C"]
[Black "Camacho Collados, Jose"]
[Result "1-0"]
[WhiteElo "2400"]
[BlackElo "2410"]
[PlyCount "81"]
[EventDate "2022.07.07"]
[EventRounds "9"]
[EventCountry "WLS"]

1. d4 Nf6 2. Nf3 e6 3. c4 c5 4. d5 exd5 5. cxd5 d6 6. Nc3 g6 7. Nd2 Bg7 8. Nc4
O-O 9. Bf4 Nbd7 10. Bxd6 Re8 11. Bg3 Ne4 12. Nxe4 Rxe4 13. e3 Nb6 14. Rc1 Bg4
15. Qb3 Nxc4 16. Bxc4 Qa5+ 17. Kf1 b5 18. Qxb5 Qd2 19. Re1 Bf5 20. Be2 Rb4 21.
Qc6 Rc8 22. Qa6 Rxb2 23. e4 Bd7 24. Rd1 Qxd1+ 25. Bxd1 Bb5+ 26. Qxb5 Rxb5 27.
Ke2 Rb2+ 28. Ke3 Bd4+ 29. Kd3 h5 30. Bb3 a5 31. d6 Kg7 32. e5 g5 33. f4 h4 34.
Be1 Rb1 35. d7 Rh8 36. fxg5 Bf2 37. Bc3 Rxb3 38. axb3 Rd8 39. e6+ Bd4 40. Bxd4+
cxd4 41. e7 1-0

[Event "South Wales International Open"]
[Site "Bridgend"]
[Date "2022.07.10"]
[Round "6.22"]
[White "Emblem, Mark"]
[Black "Jones, Jeremy"]
[Result "0-1"]
[WhiteElo "1437"]
[BlackElo "1574"]
[PlyCount "84"]
[EventDate "2022.07.07"]
[EventRounds "9"]
[EventCountry "WLS"]

1. Nf3 Nf6 2. b3 g6 3. Bb2 Bg7 4. e3 O-O 5. d4 d5 6. Be2 c6 7. c4 dxc4 8. Bxc4
b5 9. Be2 a6 10. O-O Qb6 11. Nc3 Nd5 12. Ne4 Nd7 13. a3 f5 14. Nc3 N7f6 15. Rc1
Nxc3 16. Bxc3 Ne4 17. Bb2 Be6 18. Ne5 Bxe5 19. dxe5 c5 20. h4 Rfd8 21. Qc2 Nd2
22. Qxc5 Qxc5 23. Rxc5 Nxf1 24. Bf3 Rac8 25. Rxc8 Rxc8 26. Kxf1 Bxb3 27. g3 Rc2
28. Bd4 Bc4+ 29. Kg2 e6 30. g4 a5 31. Kg3 b4 32. e4 fxg4 33. Kxg4 bxa3 34. Kg5
a2 35. h5 Rxf2 36. hxg6 Rxf3 37. Kh6 hxg6 38. Kg5 a4 39. Kg4 Rb3 40. Ba1 a3 41.
Kf4 Rb1 42. Bd4 Rb2 0-1

[Event "South Wales International Open"]
[Site "Bridgend"]
[Date "2022.07.10"]
[Round "6.23"]
[White "Khan, Mohammed"]
[Black "Williams, Ron"]
[Result "1-0"]
[WhiteElo "1778"]
[BlackElo "1589"]
[PlyCount "69"]
[EventDate "2022.07.07"]
[EventRounds "9"]
[EventCountry "WLS"]

1. e4 d6 2. d4 Nf6 3. Nc3 Nbd7 4. Nf3 e5 5. Bc4 Be7 6. h3 h6 7. O-O c6 8. a4
Qc7 9. d5 g5 10. Qd3 Nf8 11. dxc6 bxc6 12. b4 a6 13. Be3 Ng6 14. a5 g4 15. Bb6
Qd7 16. hxg4 Nf4 17. Qe3 Qxg4 18. Ne1 Nxg2 19. Nxg2 Rg8 20. Qg3 Qh5 21. Be2 Bg4
22. Bxg4 Nxg4 23. f3 Nf6 24. Qh2 Qg6 25. Rf2 Nh5 26. Ne2 Bg5 27. Kh1 Nf4 28.
Nexf4 exf4 29. Rg1 Qf6 30. Nxf4 Ke7 31. Nd3 Qe6 32. e5 dxe5 33. Qxe5 Qxe5 34.
Nxe5 Rac8 35. Re1 1-0

[Event "South Wales International Open"]
[Site "Bridgend"]
[Date "2022.07.11"]
[Round "7.1"]
[White "Wells, Peter K"]
[Black "Smith, Olivia"]
[Result "1-0"]
[WhiteElo "2379"]
[BlackElo "2038"]
[PlyCount "81"]
[EventDate "2022.07.07"]
[EventRounds "9"]
[EventCountry "WLS"]

1. e4 e5 2. Nf3 Nf6 3. Nxe5 d6 4. Nf3 Nxe4 5. d4 d5 6. Bd3 Be7 7. O-O Nc6 8. c4
Nf6 9. Nc3 Bg4 10. cxd5 Nxd5 11. Re1 O-O 12. h3 Bh5 13. Bxh7+ Kxh7 14. Ng5+
Bxg5 15. Qxh5+ Kg8 16. Bxg5 Nf6 17. Bxf6 Qxf6 18. Ne4 Qh6 19. Qxh6 gxh6 20.
Rad1 Nb4 21. d5 Rad8 22. a3 Na6 23. b4 Nb8 24. g4 f5 25. Nc5 Rf6 26. Nxb7 Rdf8
27. d6 cxd6 28. Rxd6 Nc6 29. gxf5 Rxd6 30. Nxd6 Nd4 31. Re4 Nf3+ 32. Kg2 Ng5
33. Re7 Rf6 34. h4 Rxd6 35. hxg5 a5 36. g6 axb4 37. axb4 Rb6 38. Kg3 Rb5 39. f6
Rg5+ 40. Kh4 Rxg6 41. Rg7+ 1-0

[Event "South Wales International Open"]
[Site "Bridgend"]
[Date "2022.07.11"]
[Round "7.2"]
[White "Camacho Collados, Jose"]
[Black "Hill, Alistair"]
[Result "1-0"]
[WhiteElo "2410"]
[BlackElo "2190"]
[PlyCount "81"]
[EventDate "2022.07.07"]
[EventRounds "9"]
[EventCountry "WLS"]

1. Nf3 Nf6 2. g3 g6 3. Bg2 Bg7 4. c4 c6 5. O-O O-O 6. Nc3 d5 7. cxd5 cxd5 8. d4
Ne4 9. Bf4 Nxc3 10. bxc3 Nc6 11. Nd2 b6 12. e4 dxe4 13. Nxe4 Bf5 14. Re1 Rc8
15. d5 Bxe4 16. Rxe4 Na5 17. Bg5 Re8 18. Qe2 Qxd5 19. Rxe7 Rxe7 20. Qxe7 Qc5
21. Rd1 Qxe7 22. Bxe7 Bxc3 23. Rd7 Nc6 24. Bg5 Kg7 25. Be3 Ne5 26. Rxa7 Ng4 27.
Bxb6 Nf6 28. a4 h5 29. Rc7 Rxc7 30. Bxc7 Bd4 31. a5 Kf8 32. Bb6 Bxb6 33. axb6
Ke7 34. b7 Nd7 35. f4 Kd6 36. Kf2 f5 37. Ke3 Kc5 38. Bh1 Nb8 39. Bf3 Nd7 40.
Bd1 Kb6 41. Ba4 1-0

[Event "South Wales International Open"]
[Site "Bridgend"]
[Date "2022.07.11"]
[Round "7.3"]
[White "Maksimenko, Andrei"]
[Black "Waddington, Mike P"]
[Result "1-0"]
[WhiteElo "2434"]
[BlackElo "2071"]
[PlyCount "67"]
[EventDate "2022.07.07"]
[EventRounds "9"]
[EventCountry "WLS"]

1. d4 Nf6 2. c4 c5 3. Nf3 cxd4 4. Nxd4 Nc6 5. Nc3 g6 6. e4 d6 7. Be2 Nxd4 8.
Qxd4 Bg7 9. Be3 O-O 10. Qd2 a5 11. Rd1 Be6 12. O-O a4 13. f4 Qa5 14. Bd4 Rfc8
15. b3 axb3 16. axb3 Rd8 17. f5 Bd7 18. Qe3 Ra6 19. c5 Rc6 20. cxd6 Rxd6 21. e5
Rxd4 22. Rxd4 Ne8 23. Nd5 Bf8 24. b4 Qa7 25. e6 fxe6 26. fxe6 Bg7 27. Nxe7+ Kh8
28. Nxg6+ Kg8 29. Rf8+ Bxf8 30. e7 Bh6 31. Bc4+ Kg7 32. Qe5+ Nf6 33. exd8=Q
Qa1+ 34. Bf1 1-0

[Event "South Wales International Open"]
[Site "Bridgend"]
[Date "2022.07.11"]
[Round "7.4"]
[White "Menadue, Jeremy F S"]
[Black "Brown, Thomas"]
[Result "0-1"]
[WhiteElo "1989"]
[BlackElo "2194"]
[PlyCount "82"]
[EventDate "2022.07.07"]
[EventRounds "9"]
[EventCountry "WLS"]

1. d4 Nf6 2. c4 g6 3. Nc3 Bg7 4. e4 d6 5. f3 O-O 6. Bg5 c5 7. d5 e6 8. Qd2 h6
9. Be3 exd5 10. cxd5 a6 11. a4 Nbd7 12. Nge2 Ne5 13. Nc1 Bd7 14. Be2 h5 15. h3
b5 16. axb5 axb5 17. Rxa8 Qxa8 18. Nxb5 Bxb5 19. Bxb5 Rb8 20. Be2 Qa1 21. O-O
Rxb2 22. Qe1 Qa3 23. Bd2 Kh7 24. g4 Nxe4 25. fxe4 Rxd2 26. Qxd2 Qg3+ 27. Kh1
Qxh3+ 28. Kg1 Bh6 29. g5 Qg3+ 30. Kh1 Bxg5 31. Qe1 Qh3+ 32. Kg1 Be3+ 33. Rf2 g5
34. Nd3 Nxd3 35. Bxd3 Qg3+ 36. Kf1 Bxf2 37. Qxf2 Qxd3+ 38. Kg1 Qd4 39. Qxd4
cxd4 40. e5 Kg7 41. exd6 Kf8 0-1

[Event "South Wales International Open"]
[Site "Bridgend"]
[Date "2022.07.11"]
[Round "7.5"]
[White "Rudd, Jack"]
[Black "Jukes, Sam"]
[Result "1-0"]
[WhiteElo "2331"]
[BlackElo "1906"]
[PlyCount "75"]
[EventDate "2022.07.07"]
[EventRounds "9"]
[EventCountry "WLS"]

1. d4 Nf6 2. c4 b6 3. Nc3 Bb7 4. f3 d5 5. cxd5 Nxd5 6. e4 Nxc3 7. bxc3 e5 8.
Be3 exd4 9. cxd4 Bb4+ 10. Kf2 O-O 11. Bd3 Bc3 12. Ne2 Bxa1 13. Qxa1 Ba6 14.
Bxa6 Nxa6 15. Rc1 c5 16. d5 Nb4 17. Qb1 f5 18. a3 fxe4 19. axb4 exf3 20. Nf4
fxg2 21. Kg1 Qd6 22. bxc5 bxc5 23. Qe4 Rae8 24. Ne6 Rf1+ 25. Kxg2 Rxc1 26. Bxc1
Rb8 27. Bf4 Rb2+ 28. Kg3 Rb3+ 29. Kg4 Rb4 30. Qxb4 Qxe6+ 31. dxe6 cxb4 32. Bd6
b3 33. Ba3 g6 34. Kg5 Kg7 35. Bb2+ Kf8 36. Kf6 a5 37. Ba3+ Ke8 38. h4 1-0

[Event "South Wales International Open"]
[Site "Bridgend"]
[Date "2022.07.11"]
[Round "7.6"]
[White "Spanton, Tim R"]
[Black "Richardson, John R"]
[Result "0-1"]
[WhiteElo "1889"]
[BlackElo "2289"]
[PlyCount "118"]
[EventDate "2022.07.07"]
[EventRounds "9"]
[EventCountry "WLS"]

1. e4 c6 2. d4 d5 3. Nc3 dxe4 4. Nxe4 Nf6 5. Nxf6+ exf6 6. c3 Bd6 7. Bd3 O-O 8.
Ne2 Re8 9. O-O Nd7 10. Ng3 g6 11. Qf3 Nb6 12. Ne4 Be7 13. Re1 Be6 14. Bd2 f5
15. Ng3 a5 16. Rad1 a4 17. Bc2 Bf8 18. Bb1 Qd5 19. Qxd5 Bxd5 20. Ne2 Nc4 21.
Bc1 Bd6 22. b3 axb3 23. axb3 Na3 24. Bxa3 Bxa3 25. Bd3 Bb2 26. c4 Be4 27. f3
Bxd3 28. Rxd3 Ba3 29. Kf1 Bb4 30. Nc3 Rxe1+ 31. Kxe1 Ra2 32. Kf1 Bxc3 33. Rxc3
Rd2 34. h3 Kg7 35. d5 cxd5 36. cxd5 Rxd5 37. Ke2 g5 38. Re3 Kf6 39. Rc3 Ke5 40.
Ke3 f4+ 41. Ke2 h6 42. Rc7 Rb5 43. Rc3 Kd4 44. Kd2 Ra5 45. Rc4+ Kd5 46. Kc3 Ra2
47. Rd4+ Ke5 48. Re4+ Kf6 49. Rb4 Rxg2 50. Rxb7 Rg3 51. Rb6+ Kg7 52. b4 Rxf3+
53. Kc4 Rxh3 54. Rd6 f3 55. b5 Rh1 56. Rd2 Rb1 57. Kc5 g4 58. Rd4 f2 59. Rxg4+
Kh7 0-1

[Event "South Wales International Open"]
[Site "Bridgend"]
[Date "2022.07.11"]
[Round "7.7"]
[White "Blackburn, Jonathan L B"]
[Black "Rathbone-Jones, Ifan"]
[Result "1/2-1/2"]
[WhiteElo "2176"]
[BlackElo "1936"]
[PlyCount "84"]
[EventDate "2022.07.07"]
[EventRounds "9"]
[EventCountry "WLS"]

1. d4 Nf6 2. c4 d5 3. Nf3 e6 4. Nc3 Be7 5. Bf4 c6 6. e3 Nbd7 7. c5 b6 8. b4 a5
9. a3 Nh5 10. Bd3 Nxf4 11. exf4 Qc7 12. Ne2 Bf6 13. Ne5 b5 14. a4 Bxe5 15. fxe5
Ba6 16. axb5 Bxb5 17. Bxb5 cxb5 18. bxa5 Rxa5 19. O-O O-O 20. Qb3 Rfa8 21. Rab1
Nb8 22. f4 Nc6 23. f5 Ra2 24. fxe6 Rxe2 25. Rxf7 Nxd4 26. Qxd5 Qc6 27. Qxc6
Nxc6 28. Rc7 Nxe5 29. h3 Nd3 30. Rxb5 Rxe6 31. Rb3 Nf4 32. Rf3 g5 33. Rf2 Ne2+
34. Kh2 g4 35. g3 Nc3 36. hxg4 Ne4 37. Rb2 Rg6 38. c6 Nf6 39. Rcb7 Nxg4+ 40.
Kh3 Ne3 41. Rb8+ Rxb8 42. Rxb8+ Kg7 1/2-1/2

[Event "South Wales International Open"]
[Site "Bridgend"]
[Date "2022.07.11"]
[Round "7.8"]
[White "Fowler, Hugo"]
[Black "Murphy, Hugh W"]
[Result "0-1"]
[WhiteElo "1873"]
[BlackElo "2125"]
[PlyCount "66"]
[EventDate "2022.07.07"]
[EventRounds "9"]
[EventCountry "WLS"]

1. e4 c5 2. c3 d5 3. exd5 Qxd5 4. d4 Nc6 5. Nf3 Bf5 6. Be3 cxd4 7. cxd4 Bxb1 8.
Qxb1 e6 9. Bd3 Bb4+ 10. Ke2 Nf6 11. a3 Bd6 12. b4 O-O 13. Ra2 Rfe8 14. Rd2 h6
15. h3 Bf8 16. Re1 Qd6 17. Kf1 Ne7 18. Ne5 Ned5 19. Kg1 Rec8 20. Rc2 Be7 21.
Rec1 Rxc2 22. Qxc2 Rd8 23. Qe2 Nd7 24. Nc4 Qb8 25. Qg4 N7f6 26. Qf3 Rc8 27. Ne5
Bd6 28. Nc4 Nxe3 29. fxe3 b5 30. Rc2 bxc4 31. Bxc4 Rc7 32. e4 Qc8 33. Qd3 Nxe4
0-1

[Event "South Wales International Open"]
[Site "Bridgend"]
[Date "2022.07.11"]
[Round "7.9"]
[White "Bullen, Alex"]
[Black "Hughes, Anthony"]
[Result "1-0"]
[WhiteElo "2106"]
[BlackElo "1865"]
[PlyCount "49"]
[EventDate "2022.07.07"]
[EventRounds "9"]
[EventCountry "WLS"]

1. d4 d5 2. Nf3 e6 3. c4 a6 4. cxd5 exd5 5. Nc3 Nf6 6. Bg5 Be6 7. Bxf6 gxf6 8.
g3 Nd7 9. Bg2 Bd6 10. Nh4 c6 11. Qd3 Qc7 12. Rc1 Nb6 13. Nf5 O-O-O 14. O-O Kb8
15. Nxd6 Qxd6 16. Nb1 Qd7 17. Nd2 Nc8 18. Nb3 Nd6 19. Nc5 Qe7 20. Qa3 Rde8 21.
Nxa6+ bxa6 22. Rxc6 Nc4 23. Qxa6 Qb7 24. Qxb7+ Kxb7 25. Rxc4 1-0

[Event "South Wales International Open"]
[Site "Bridgend"]
[Date "2022.07.11"]
[Round "7.10"]
[White "Turner, Joseph David"]
[Black "Skettos, Nicolas"]
[Result "1/2-1/2"]
[WhiteElo "1869"]
[BlackElo "1972"]
[PlyCount "136"]
[EventDate "2022.07.07"]
[EventRounds "9"]
[EventCountry "WLS"]

1. e4 e6 2. d4 d5 3. Nd2 c5 4. Ngf3 cxd4 5. exd5 Qxd5 6. Bc4 Qd6 7. O-O Nf6 8.
Nb3 Nc6 9. Nbxd4 Nxd4 10. Qxd4 Qxd4 11. Nxd4 Bc5 12. Bb5+ Bd7 13. Bxd7+ Nxd7
14. Nb3 Bb6 15. a4 a6 16. a5 Ba7 17. Re1 Rc8 18. c3 Ke7 19. Bf4 Rc4 20. g3 f6
21. Nd2 Rc6 22. Be3 Bb8 23. Nb3 Ne5 24. Nd4 Rd6 25. Kg2 Kf7 26. f4 Nc4 27. Bc1
Bc7 28. b4 Rhd8 29. Ra2 e5 30. fxe5 Nxe5 31. Re4 Nd3 32. Be3 g6 33. g4 R6d7 34.
Ne6 Re8 35. Nc5 Rxe4 36. Nxe4 Re7 37. Nc5 Rxe3 38. Nxb7 Nf4+ 39. Kf1 Rxc3 40.
Nc5 Nd3 41. Nxa6 Rb3 42. Nxc7 Nxb4 43. Ra4 Nc6 44. a6 Na7 45. Nd5 Ke6 46. Nf4+
Kd6 47. Ne2 Kc5 48. Ng3 Kb5 49. Rf4 Kxa6 50. Rxf6+ Rb6 51. g5 Nb5 52. Ne4 Nd4
53. Kg2 Kb5 54. Rxb6+ Kxb6 55. Nf6 Ne6 56. Nxh7 Kc6 57. Kf3 Kd5 58. Kg4 Kd6 59.
h3 Ke7 60. Nf6 Kf7 61. Nd5 Kg7 62. Nf4 Nd4 63. h4 Kf7 64. Ng2 Ne6 65. Kf3 Nd4+
66. Kf4 Ke6 67. Kg4 Kf7 68. Nf4 Nc6 1/2-1/2